000 nam a22 7a 4500
999 _c47237
_d47237
003 OSt
005 20190507123204.0
008 190507b xxu||||| |||| 00| 0 eng d
040 _cIIMT UNIVERSITY
100 _aKHANNA M.L.
245 _aI.I.T. GUIDE FOR MATHEMATICS
260 _aMEERUT
_bJAI PRAKASH NATH
_c1993
300 _a694
942 _2ddc
_c09
_e15TH ED